| 000 | 01151cam a2200289 i 4500 | ||
|---|---|---|---|
| 999 |
_c330852 _d330852 |
||
| 001 | 4610473 | ||
| 003 | NUST | ||
| 005 | 20170817110439.0 | ||
| 008 | 761005r19761909pk abf 001 0aeng | ||
| 010 | _a 76930142 | ||
| 020 | _cRs60.00 | ||
| 040 |
_aDLC _cDLC _dDLC |
||
| 043 |
_aa-pk--- _aa-af--- _aa-ir--- |
||
| 050 | 0 | 0 |
_aDS392.B24 _bT37 1976 |
| 082 | 0 | 0 |
_a915.491504 _bTAT |
| 100 | 1 |
_aTate, George Passman, _d1856- _93940 |
|
| 245 | 1 | 4 |
_aThe frontiers of Baluchistan : _btravels on the borders of Persia and Afghanistan / _cby G. P. Tate ; with an introd. by Sir A. Henry McMahon. |
| 260 |
_aLahore : _bSang e mil publications., _c2003. |
||
| 300 |
_axv, 261 p., [34] leaves of plates : _bill., fold. map ; _c22 cm. |
||
| 500 | _aReprint of the 1909 ed. published by Witherby & Co., London. | ||
| 500 | _aIncludes index. | ||
| 600 | 1 | 0 |
_aTate, George Passman, _d1856- _93940 |
| 610 | 2 | 0 |
_aSistan Arbitration Mission, 1903-1905. _93941 |
| 651 | 0 |
_aBalochistān (Pakistan) _xDescription and travel. _93942 |
|
| 651 | 0 |
_aSistan (Iran and Afghanistan) _xDescription and travel. _93943 |
|
| 906 |
_a7 _bcbc _corignew _du _encip _f19 _gy-gencatlg |
||
| 942 |
_2ddc _cBK |
||